Solid tumorok checkpoint mutációinak prediktív tényezőnként való vizsgálata
Elmentve itt :
| Szerző: | |
|---|---|
| Testületi szerző: | |
| További közreműködők: | |
| Dokumentumtípus: | Prezentáció |
| Megjelent: |
2012
|
| Kulcsszavak: | onkológia rákbetegség |
| Tárgyszavak: | |
| Online Access: | http://eta.bibl.u-szeged.hu/4452 |
| LEADER | 00879nnm a2200253 i 4500 | ||
|---|---|---|---|
| 001 | eta4452 | ||
| 005 | 20201217094543.0 | ||
| 008 | 201217s2012 hu o 0|| hun d | ||
| 040 | |a SZTE Elektronikus Tananyag Archívum |b hun | ||
| 041 | |a hun | ||
| 100 | 1 | |a Rusz Orsolya | |
| 245 | 1 | 0 | |a Solid tumorok checkpoint mutációinak prediktív tényezőnként való vizsgálata |h [elektronikus dokumentum] / |c Rusz Orsolya |
| 260 | |c 2012 | ||
| 300 | |a 14 | ||
| 516 | |a Presentation | ||
| 650 | 4 | |a Orvos- és egészségtudomány | |
| 650 | 4 | |a Klinikai orvostan | |
| 650 | 4 | |a Onkológia | |
| 695 | |a onkológia | ||
| 695 | |a rákbetegség | ||
| 700 | 0 | 1 | |a Kahán Zsuzsanna |
| 700 | 0 | 1 | |a Deák Péter |
| 711 | |a Genomikai Központ "PhD szakmai találkozó, munkabeszámoló" |c Magyarország |d 2012. 11. 27. | ||
| 856 | 4 | 0 | |u https://eta.bibl.u-szeged.hu/4452/1/2010-0012_31_04.pptx |z Dokumentum-elérés |